000 00423nam a2200169Ia 4500
003 IT-RoPAU
008 120407s9999 xx 000 0 und d
040 _aIT-RoPAU
040 _cIT-RoPAU
100 _aEmile Carles
245 _aUna zuppa di erbe selvatiche. Il mestiere di donna nell'autobiografia di una grande contadina
250 _aMilano
260 _aRusconi
300 _c cm
490 _v1
942 _cBK
999 _c10370
_d10370